00301nam a22001097a 4500040000800000082001300008100001900021245009600040250001600136260002700152300001200179 cdlc a515bSAF aEdward B. Saff aFundamentals of Complex Analysis with Applications to Engineering, Science, and Mathematics a3rd edition aIndiabPearson cc2013 a518;pxv